000 00253nam a22001217a 4500
008 181206b xxu||||| |||| 00| 0 eng d
041 _aeng
080 _29 TH
_a541
100 _a12
101 _aKIM
245 _aChemistry
_cDavis.W
942 _2udc
_cBK
999 _c52972
_d52972